| 000 | 01111nam a2200229Ia 4500 | ||
|---|---|---|---|
| 001 | 17584 | ||
| 005 | 20260414102539.0 | ||
| 008 | 260306s9999||||xx |||||||||||||| ||und|| | ||
| 041 | _aESP | ||
| 082 |
_a658.05 _bC65 |
||
| 100 |
_aCisneros Canlla, Edson David _eAUT |
||
| 245 | 0 |
_aE-commerce: _bcomercio electrónico |
|
| 260 | _c2016 | ||
| 300 |
_a164 páginas : _c25 cm. |
||
| 650 | _aGEN | ||
| 654 | _aCAN | ||
| 856 |
_uhttps://0u213wd1i-y-https-ebooks7--24-com.itmsp.museknowledge.com/?il=40038&pg=xhtml/Cover.xhtml# _zVéase además: Digital business and e-commerce management, por Dave Chaffey. Versión digital Inglés |
||
| 856 |
_uhttps://0u213wd1q-y-https-ebooks7--24-com.itmsp.museknowledge.com/biblioteca.aspx _zVéase además: Base de datos Ebook7-24 |
||
| 856 |
_uhttps://0u20fwd1w-y-https-research-ebsco-com.itmsp.museknowledge.com/c/qxo6us/search _zVéase además: Base de datos EBSCOhost |
||
| 856 |
_uhttps://0u20vwd1z-y-https-ebookcentral-proquest-com.itmsp.museknowledge.com/lib/catolicasp/home.action _zVéase además: Base de datos ProQuest Ebook Central |
||
| 942 |
_cLIB _dJUS _fJUS _2ddc |
||
| 999 |
_c17584 _d17584 |
||